Welcome to CU Library Online Public Access Catalogue (OPAC)

The elements of bankruptcy / (Record no. 3135)

MARC details
000 -LEADER
fixed length control field 00696nam a2200229 a 4500
001 - CONTROL NUMBER
control field 2535989
005 - DATE AND TIME OF LATEST TRANSACTION
control field 20250127210709.0
008 - FIXED-LENGTH DATA ELEMENTS--GENERAL INFORMATION
fixed length control field 931124s1993 nyu 001 0 eng
020 ## - INTERNATIONAL STANDARD BOOK NUMBER
International Standard Book Number 1566620929 (alk. paper)
050 00 - LIBRARY OF CONGRESS CALL NUMBER
Classification number KF1524
Item number .B32 1993
082 00 - DEWEY DECIMAL CLASSIFICATION NUMBER
Classification number 346.73/078
-- 347.30778
Edition information 20
100 1# - MAIN ENTRY--PERSONAL NAME
Personal name Baird, Douglas G.,
Dates associated with a name 1953-
245 14 - TITLE STATEMENT
Title The elements of bankruptcy /
Statement of responsibility, etc. Douglas G. Baird.
250 ## - EDITION STATEMENT
Edition statement Rev. ed.
260 ## - PUBLICATION, DISTRIBUTION, ETC.
Place of publication, distribution, etc. Westbury, N.Y. :
Name of publisher, distributor, etc. Foundation Press,
Date of publication, distribution, etc. 1993.
300 ## - PHYSICAL DESCRIPTION
Extent 283, iii p. ;
Dimensions 24 cm.
440 #0 - SERIES STATEMENT/ADDED ENTRY--TITLE
Title University textbook series
500 ## - GENERAL NOTE
General note Includes index.
650 #0 - SUBJECT ADDED ENTRY--TOPICAL TERM
Topical term or geographic name entry element Bankruptcy
Geographic subdivision United States.
650 #0 - SUBJECT ADDED ENTRY--TOPICAL TERM
Topical term or geographic name entry element Debtor and creditor
Geographic subdivision United States.
942 ## - ADDED ENTRY ELEMENTS (KOHA)
Source of classification or shelving scheme Library of Congress Classification
Koha item type Books
Suppress in OPAC No
999 ## -
-- 3135
-- 3135
Holdings
Withdrawn status Lost status Source of classification or shelving scheme Damaged status Not for loan Collection Home library Current library Shelving location Date acquired Total checkouts Full call number Barcode Date last seen Copy number Price effective from Koha item type
    Library of Congress Classification     Non-fiction Law Library (Christ Temple) Law Library (Christ Temple) General stacks 01/27/2025   KF1524 BAI LLCT00000321 01/27/2025 1 01/27/2025 Books
© 2023-2024 Copyright: Central University Libraries. All Rights Reserved | Created by: Mahone Tech Office